Nový kamerový systém v Levoči odhalil prvých popíjajúcich bezpečnosť. P.Hromjak:"Obsluhovať by ho mal jeden policajt, peniaze však chýbajú

Bibliographic Details
Main Author: Dubivská, Daniela, 1966- (Author)
Format: Article
Language:Slovak
PhysicalDescription:Fotogr.
ISSN:1335-759X
Subjects:

MARC

LEADER 00000nab a2200000 ar4500
001 vtls008425980
003 SK-MaSNL
005 20260303065933.0
008 060124c20041025xo mr|p|||||||000 b|slo
038 |a SNSK 
040 |b slo  |c SNSK  |e AACR2 
041 0 |a slo 
044 |a xo  |c SK 
080 |a 778.83  |2 UDC-MRF-SK2 
080 |a 351.74  |2 UDC-MRF-SK2 
100 1 |a Dubivská, Daniela,  |d 1966-  |4 aut  |9 155615 
245 1 0 |a Nový kamerový systém v Levoči odhalil prvých popíjajúcich  |b bezpečnosť. P.Hromjak:"Obsluhovať by ho mal jeden policajt, peniaze však chýbajú  |c Daniela Dubivská 
300 |b Fotogr. 
650 0 7 |a kamerové systémy  |x monitoring ulíc  |2 snsk  |9 872854 
650 0 7 |a polícia  |2 snsk  |9 1673 
651 7 |a Levoča (Slovensko)  |2 snsk  |9 26696 
773 0 |t Spišský denník Korzár  |g Roč. VI., č. 247 (25.10.2004 ), s. 1.  |x 1335-759X 
852 |a SNSK  |b KIS3GCP 
999 |c 1753325  |d 1755255